000
00319nam a22001337a 4500
005
20230818113607.0
008
230818b |||||||| |||| 00| 0 eng d
040
_a
Loreto college
041
_a
English
082
_a
327
_b
YAD
245
_a
China Russia India relations in 21st century
850
_a
LCLIB
942
_c
BK
999
_c
43520
_d
93999